alfabet grecki✨ - Statystyki

Ogólne statystyki
  • Ten quiz został rozwiązany 935 razy
  • Średni wynik to 16 z 24
Statystyki odpowiedzi
Hint Odpowiedź % Poprawnych
α alfa
100%
β beta
100%
γ gamma
98%
δ delta
91%
ω omega
87%
π pi
80%
ε epsilon
74%
λ lambda
70%
σ sigma
66%
η eta
62%
ζ dzeta
61%
κ kappa
61%
ο omikron
58%
ξ ksi
56%
ν ni
56%
φ fi
55%
μ mi
55%
ψ psi
55%
θ teta
54%
ρ ro
52%
ι jota
49%
χ chi
48%
τ tau
43%
υ ypsilon
38%
Nie znaleziono quizów pasujących do podanych kryteriów
Rozkład punktacji
Procent ludzi z każdym wynikiem
Percentyl według liczby udzielonych odpowiedzi
Twoja historia wyników
Nie rozwiązałeś tego quizu